Monarchical Governments around the World - Statistics

General Stats
  • This quiz has been taken 72 times
  • The average score is 38 of 44
Answer Stats
Type of Monarchy Location Country % Correct
Constitutional Monarchy Europe United Kingdom
95%
Parliamentary Co-Principality Europe Andorra
94%
Constitutional Monarchy Oceania Australia
94%
Absolute Monarchy Middle East Saudi Arabia
94%
Constitutional Monarchy Europe Belgium
92%
Constitutional Monarchy North America Canada
92%
Constitutional Monarchy Europe Liechtenstein
92%
Absolute Monarchy Middle East Oman
92%
Constitutional Monarchy Middle East Bahrain
90%
Constitutional Monarchy Europe Luxembourg
90%
Constitutional Monarchy Europe Netherlands
90%
Constitutional Monarchy Europe Denmark
89%
Absolute Monarchy Middle East Qatar
89%
Constitutional Monarchy Europe Spain
89%
Constitutional Monarchy Middle East United Arab Emirates
89%
Constitutional Monarchy Caribbean Antigua and Barbuda
87%
Constitutional Monarchy Southeast Asia Cambodia
87%
Constitutional Monarchy Caribbean Jamaica
87%
Constitutional Monarchy East Asia Japan
87%
Constitutional Monarchy Middle East Kuwait
87%
Constitutional Monarchy Europe Monaco
87%
Constitutional Monarchy Oceania New Zealand
87%
Constitutional Monarchy Europe Norway
87%
Absolute Monarchy Southern Africa Eswatini
85%
Constitutional Monarchy Middle East Jordan
85%
Constitutional Monarchy Southern Africa Lesotho
85%
Constitutional Monarchy Southeast Asia Malaysia
85%
Constitutional Monarchy Europe Sweden
85%
Elective Absolute Monarchy Europe Vatican City
85%
Constitutional Monarchy Caribbean Bahamas
84%
Constitutional Monarchy Caribbean Barbados
84%
Constitutional Monarchy Caribbean Grenada
84%
Absolute Monarchy Southeast Asia Brunei
82%
Constitutional Monarchy North Africa Morocco
82%
Constitutional Monarchy Caribbean Saint Kitts and Nevis
82%
Constitutional Monarchy Caribbean Saint Lucia
82%
Constitutional Monarchy Southeast Asia Thailand
82%
Constitutional Monarchy Oceania Tonga
82%
Constitutional Monarchy Oceania Tuvalu
81%
Constitutional Monarchy Central America Belize
79%
Constitutional Monarchy Caribbean Saint Vincent and the Grenadines
79%
Constitutional Monarchy Oceania Solomon Islands
76%
Constitutional Monarchy Oceania Papua New Guinea
73%
Constitutional Monarchy Europe Bhutan
56%
No matching quizzes found
Score Distribution
Percent of People with Each Score
Percentile by Number Answered
Your Score History
You have not taken this quiz